I Want It All by Arctic Monkeys - Lyrics Quiz - Statistics

General Stats
  • This quiz has been taken 26 times
  • The average score is 86 of 104
Answer Stats
Answer % Correct
a
100%
all
100%
i
100%
it
100%
it?
100%
want
100%
sweet
94%
you
94%
can
88%
games
88%
mind
88%
mistakes
88%
and
81%
feel
81%
heartache
81%
leave
81%
me
81%
my
81%
stone
81%
the
81%
to
81%
year
81%
ago
75%
blind
75%
fireball
75%
hit
75%
just
75%
road?
75%
whiskey
75%
country
69%
drank
69%
faith
69%
from
69%
girl
69%
home
69%
kiss
69%
like
69%
listening
69%
miracle
69%
since
69%
Stones
69%
then
69%
two-thousand
69%
we
69%
years
69%
your
69%
ain't
63%
cold
63%
it's
63%
miniature
63%
new
63%
rigmarole
63%
shared
63%
suddenly
63%
tricks
63%
coke
56%
dogs
56%
light
56%
old
56%
space
56%
age
50%
said
50%
No matching quizzes found
Score Distribution
Percent of People with Each Score
Percentile by Number Answered
Your Score History
You have not taken this quiz